00484nam a2200133Ia 4500020001800000082001900018245003700037250000900074260003800083300001700121500014900138650003600287650002700323 a0-946653-84-4 aRR 920.02 INT- 0aInternational who's who: 1992-93 a56th aLondonbEuropa Publicationsc1992 axxii, 1808p. acontents: Acc no. D16 (60th ed.), (1996-97), (1-85743-021-2), (xxi, 1726p.) - Acc no. D1001 (64th ed.), (2001), (1-85743-081-6), (xxiii,1729p.)  aCelebritiesvBiographyz1992-93 aBiographyvDirectories